00589nam a2200145Ia 4500003000900000008004100009020002600050040001600076100001800092245014500110260003200255300002000287490003300307856010300340IN-BaIIA211028s9999 xx s 000 0 eng d a9780819461889 (Print) cIIA Library aYang, Li, ed. 0a2nd International Symposium on Advanced Optical Manufacturing and Testing Technologies: Advanced Optical Manufacturing Technologiesh[eBook] aWashington, USAbSPIEc2006 aOnline resource aProceedings of SPIE; V. 6149 uhttps://www.spiedigitallibrary.org/conference-proceedings-of-spie/6149yClick Here to Access eBook